Statistiques concernant Rugbymen de légende : Les ailiers.

Cliquez ici pour prendre le quiz!

Statistiques générales

  • Ce quiz a été pris 173 fois
    (149 depuis la dernière actualisation)
  • Le résultat moyen est 6 sur 9

Statistiques - réponses

Réponse% Correct
Christophe Dominici
96%
Jonah Lomu
95%
Vincent Clerc
95%
Bryan Habana
89%
Julian Savea
70%
George North
67%
Joe Rokocoko
53%
Shane Williams
49%
David Campese
27%

Distribution des résultats

Percentile par nombre de réponses

% des personnes avec chaque résultat

Votre développement - résultats

Vous n’avez pas pris ce quiz depuis la dernière actualisation